A Christmas adventure / Joe Wicks ; story ... Read More
Available copies
- 1 of 1 copy available at LARL/NWRL Consortium.
Current holds
0 current holds with 1 total copy.
Show Only Available Copies
| Location | Call Number / Copy Notes | Barcode | Shelving Location | Status | Due Date |
|---|---|---|---|---|---|
| Grygla LINK Site | e WIC (Text) | 35500006734360 | Main | Available | - |
Record details
- ISBN: 9780008516710
- ISBN: 0008516715
- ISBN: 9780008552954
- ISBN: 0008552959
- Physical Description: 1 volume (unpaged) : chiefly illustrations ... Read More
- Publisher: London : HarperCollins Children's Books, 2022.
Content descriptions
| General Note: | "A Christmas story with bonus exercise and recipes"--Cover. |
| Summary, etc.: | "The Burpee Bears are always ready, steady for a ... Read More |
Search for related items by subject
| Subject: | Burpee Bears (Fictitious characters) > Juvenile fiction. Bears > Juvenile fiction. Christmas stories. |
| Genre: | Christmas stories Children's stories > Pictorial works. Christmas fiction. Picture books. |
Search for related items by series
| LDR | 02382cam a22005178i 4500 | ||
|---|---|---|---|
| 001 | 426823 | ||
| 003 | LARL_NWRL_CONSORTIUM | ||
| 005 | 20231130191834.0 | ||
| 008 | 220713s2022 enka j 000 1 eng d | ||
| 040 | . | ‡aUKMGB ‡beng ‡erda ‡cUKMGB ‡dOCLCF ‡dOCLCO ‡dNZAUC ‡dOCLCO ‡dIMF | |
| 015 | . | ‡aGBC2D4337 ‡2bnb | |
| 016 | 7 | . | ‡a020699270 ‡2Uk |
| 020 | . | ‡a9780008516710 ‡q(hardcover) | |
| 020 | . | ‡a0008516715 ‡q(hardcover) | |
| 020 | . | ‡a9780008552954 ‡q(paperback) | |
| 020 | . | ‡a0008552959 ‡q(paperback) | |
| 020 | . | ‡z9780008516734 (ePub ebook) | |
| 035 | . | ‡a(OCoLC)1338683466 | |
| 082 | 0 | 4. | ‡a823.92 ‡223 |
| 100 | 1 | . | ‡aWicks, Joe, ‡eauthor. |
| 245 | 1 | 2. | ‡aA Christmas adventure / ‡cJoe Wicks ; story co-written with Vivian French ; illustrated by Paul Howard. |
| 264 | 1. | ‡aLondon : ‡bHarperCollins Children's Books, ‡c2022. | |
| 300 | . | ‡a1 volume (unpaged) : ‡bchiefly illustrations (colour) ; ‡c28 cm. | |
| 336 | . | ‡atext ‡2rdacontent | |
| 336 | . | ‡astill image ‡2rdacontent | |
| 337 | . | ‡aunmediated ‡2rdamedia | |
| 338 | . | ‡avolume ‡2rdacarrier | |
| 490 | 0 | . | ‡aBurpee Bears |
| 500 | . | ‡a"A Christmas story with bonus exercise and recipes"--Cover. | |
| 520 | . | ‡a"The Burpee Bears are always ready, steady for a fun family adventure especially at Christmas time! While they count down the days until Granny Bear visits, the little bears enjoy building a snow bear, making snow angels and going ice skating together. But on Christmas Day, there is so much snow that Granny Bear can't get to their house. It won't be a proper Christmas without her so, with the help of their sledge, the Burpee Bears are soon ready, steady with a plan to take Christmas to Granny's house!"--Publisher's description. | |
| 650 | 0. | ‡aBurpee Bears (Fictitious characters) ‡vJuvenile fiction. | |
| 650 | 0. | ‡aBears ‡vJuvenile fiction. ‡0(LARL_NWRL_CONSORTIUM)163670 | |
| 650 | 0. | ‡aChristmas stories. ‡0(LARL_NWRL_CONSORTIUM)16743 | |
| 655 | 7. | ‡aChristmas stories ‡2fast | |
| 655 | 7. | ‡aChildren's stories ‡vPictorial works. ‡2gsafd | |
| 655 | 7. | ‡aChristmas fiction. ‡2lcgft | |
| 655 | 7. | ‡aPicture books. ‡2lcgft | |
| 700 | 1 | . | ‡aFrench, Vivian, ‡eauthor. ‡0(LARL_NWRL_CONSORTIUM)102372 |
| 700 | 1 | . | ‡aHoward, Paul, ‡d1967- ‡eartist. ‡0(LARL_NWRL_CONSORTIUM)112122 |
| 901 | . | ‡a426823 ‡bAUTOGEN ‡c426823 ‡tbiblio | |

Add to basket
Permalink
Disable Highlighting